| 000 | 00511nam a2200169Ia 4500 | ||
|---|---|---|---|
| 999 |
_c27997 _d27997 |
||
| 003 | OSt | ||
| 005 | 20201221144913.0 | ||
| 008 | 190216s9999||||xx |||||||||||||| ||und|| | ||
| 040 | _coclc | ||
| 082 |
_a894.812 _bNAI/M |
||
| 100 |
_aNair, P K Parameswaran _96023 |
||
| 245 | 0 |
_aMalayala Niroopanam Praarambha Ghattam / _cP K Parameswaran Nair |
|
| 260 |
_bCurrent Books, _aKottayam: _c1996. |
||
| 300 | _a120p | ||
| 650 | _aNiroopanam | ||
| 942 |
_cBK _2ddc _h894.812 _iNAI/M _k894.812 _mNAI/M |
||